000 01213cam a2200349 a 4500
001 336240
003 ARRUPE
005 20150129172540.0
008 850422c19631949ilua b 000 0 eng d
010 _a 49011922
020 _a0252725484
035 _a(OCoLC)13553507
035 _a(OCoLC)ocm13553507
035 _a(CStRLIN)NYCG85-B39628
035 _a(NNC)336240
040 _aCPaHP
_cCPaHP
050 1 _aTK5101
_b.S45 1963
090 _aTK5101
_b.S45 1963
100 1 _aShannon, Claude Elwood,
_d1916-2001.
_913929
245 1 4 _aThe mathematical theory of communication /
_cby Claude E. Shannon and Warren Weaver.
250 _aIllini Books ed.
260 _aUrbana :
_bUniversity of Illinois Press,
_c1963, c1949.
300 _a125 p. :
_bill. ;
_c21 cm.
500 _aOriginally published in 1949
504 _aIncludes bibliographical references.
505 0 _aThe mathematical theory of communication / by C.E. Shannon.--Recent contributions to the mathematical theory of communication / by W. Weaver.
650 0 _aTelecommunication.
_913930
650 0 _aMathematical physics.
_913931
700 1 _aWeaver, Warren,
_d1894-1978.
_913932
942 _2lcc
_cMONOGRAPH
999 _c121658
_d121658